| 000 | 02354cam a22003978i 4500 | ||
|---|---|---|---|
| 001 | 6217 | ||
| 003 | FISKH | ||
| 005 | 20250331091244.0 | ||
| 008 | 130826s2014 nyu b 001 0 eng | ||
| 010 | _a 2013030299 | ||
| 020 | _a9781594631405 (hardback) | ||
| 020 | _a9780349119854 | ||
| 040 |
_aDLC _beng _cDLC _erda _dDLC |
||
| 050 | _aHC59 .H35 | ||
| 082 | _a330.90511 | ||
| 100 | 1 |
_aHarford, Tim, _d1973- |
|
| 245 | 1 | 4 |
_aThe undercover economist strikes back : _bhow to run-or ruin-an economy / _cTim Harford. |
| 250 | _aThis edition published in 2007 | ||
| 260 |
_aLondon : _bAbacus, _c2006. |
||
| 300 |
_a278 pages ; _c20 cm |
||
| 336 |
_atext _2rdacontent |
||
| 337 |
_aunmediated _2rdamedia |
||
| 338 |
_avolume _2rdacarrier |
||
| 504 | _aIncludes bibliographical references (pages 227-235) and index. | ||
| 520 |
_a"A provocative and lively exploration of the increasingly important world of macroeconomics, by the author of the bestselling The Undercover Economist. Thanks to the worldwide financial upheaval, economics is no longer a topic we can ignore. From politicians to hedge-fund managers to middle-class IRA holders, everyone must pay attention to how and why the global economy works the way it does. Enter Financial Times columnist and bestselling author Tim Harford. In this new book that demystifies macroeconomics, Harford strips away the spin, the hype, and the jargon to reveal the truth about how the world's economy actually works. With the wit of a raconteur and the clear grasp of an expert, Harford explains what's really happening beyond today's headlines, why all of us should care, and what we can do about it to understand it better. "-- _cProvided by publisher. |
||
| 520 |
_a"A lively and engaging exploration of macroeconomics that explains what's really happening to the world economy and what we can do about it - as consumers, voters, workers and human beings"-- _cProvided by publisher. |
||
| 650 | 0 | _aMacroeconomics. | |
| 650 | 0 | _aEconomics. | |
| 650 | 0 |
_aEconomic history _y1990- |
|
| 650 | 7 |
_aBUSINESS & ECONOMICS / Economics / Macroeconomics. _2bisacsh |
|
| 650 | 7 |
_aBUSINESS & ECONOMICS / Economic Conditions. _2bisacsh |
|
| 650 | 7 |
_aBUSINESS & ECONOMICS / Economics / General. _2bisacsh |
|
| 906 |
_a7 _bcbc _corignew _d1 _eecip _f20 _gy-gencatlg |
||
| 942 |
_2ddc _cBK _n0 |
||
| 999 |
_c6217 _d6217 |
||